| Tag |
First Indicator |
Second Indicator |
Subfields |
| LEADER |
00000cam a2200000 a 4500 |
| 001 |
in00000003203 |
| 008 |
990426s1999 fluab b f000 0 eng d |
| 005 |
20230309222522.8 |
| 010 |
|
|
|a 99222589
|
| 035 |
|
|
|a (OCoLC)ocm41248146
|
| 035 |
|
|
|a (OCoLC)41248146
|
| 035 |
|
|
|9 AJG2991AM
|
| 035 |
|
|
|a in00000003203
|
| 040 |
|
|
|a GPO
|c DLC
|d AGL
|d GPO
|d MvI
|d UtOrBLW
|
| 042 |
|
|
|a lccopycat
|
| 043 |
|
|
|a n-us-fl
|
| 049 |
|
|
|a UDOC
|a WWW
|
| 050 |
0 |
0 |
|a GB701
|b .W375 no. 99-4020
|
| 070 |
0 |
|
|a GB701.W375
|b no.99-4020
|
| 072 |
|
0 |
|a P200
|
| 074 |
|
|
|a 0624-B
|
| 074 |
|
|
|a 0624-B (online)
|
| 082 |
0 |
0 |
|a 553.7/0973 s
|a 363.738/4
|2 21
|
| 086 |
0 |
|
|a I 19.42/4:99-4020
|
| 245 |
0 |
0 |
|a Factors controlling elevated lead concentrations in water samples from aquifer systems in Florida /
|c by Brian G. Katz [and others] ; prepared in cooperation with Florida Department of Environmental Protection.
|
| 264 |
|
1 |
|a Tallahassee, Fla. :
|b U.S. Dept. of the Interior, U.S. Geological Survey ;
|c 1999.
|
| 264 |
|
2 |
|a Denver, CO :
|b Branch of Information Services [distributor],
|
| 300 |
|
|
|a iv, 22 pages :
|b illustrations, maps ;
|c 28 cm.
|
| 336 |
|
|
|a text
|b txt
|2 rdacontent
|
| 337 |
|
|
|a unmediated
|b n
|2 rdamedia
|
| 338 |
|
|
|a volume
|b nc
|2 rdacarrier
|
| 490 |
1 |
|
|a Water-resources investigations report ;
|v 99-4020
|
| 500 |
|
|
|a Shipping list number: 99-0198-P.
|
| 504 |
|
|
|a Includes bibliographical references (pages 20-22).
|
| 530 |
|
|
|a Also available via Internet from the USGS web site. Address as of 3/3/03: http://fl.water.usgs.gov/Abstracts/wri99_4020_katz.html; current access is available via PURL.
|
| 650 |
|
0 |
|a Lead
|x Environmental aspects
|z Florida.
|
| 650 |
|
0 |
|a Groundwater
|x Pollution
|z Florida.
|
| 650 |
|
0 |
|a Water
|x Sampling
|z Florida.
|
| 700 |
1 |
|
|a Katz, Brian G.
|
| 710 |
1 |
|
|a Florida.
|b Department of Environmental Protection.
|
| 710 |
2 |
|
|a Geological Survey (U.S.)
|
| 830 |
|
0 |
|a Water-resources investigations report ;
|v 99-4020.
|
| 856 |
4 |
1 |
|u https://purl.fdlp.gov/GPO/LPS25686
|z Adobe Acrobat Reader required
|t 0
|
| 999 |
|
|
|a MARS
|
| 999 |
f |
f |
|i 1c4b1e11-68b3-3f25-9468-eb8fd13db6bd
|s 0c671f77-4ac5-3ca0-9ddf-d03481099adc
|t 0
|
| 952 |
f |
f |
|p normal
|a Texas A&M University
|b College Station
|c Sterling C. Evans Library
|d Evans: US Documents (Annex 5th floor)
|t 0
|e I 19.42/4:99-4020
|h Superintendent of Documents classification
|i unmediated -- volume
|m A14824478727
|
| 952 |
f |
f |
|a Texas A&M University
|b College Station
|c Electronic Resources
|d Available Online
|t 0
|e I 19.42/4:99-4020
|h Superintendent of Documents classification
|
| 998 |
f |
f |
|a I 19.42/4:99-4020
|t 0
|l Evans: US Documents (Annex 5th floor)
|
| 998 |
f |
f |
|a I 19.42/4:99-4020
|t 0
|l Available Online
|